The Musical Quarterly

Podrobná bibliografie
Médium: Elektronický zdroj Časopis
Jazyk:English
Vydáno: Oxford University Press
Témata:
On-line přístup:Full text available on Oxford Academic
Off-campus access
LEADER 00920cas a2200217 a 4500
001 AALejournalOSO000340
008 230101c9999 xx r poo 0 0eng d
022 |a 0027-4631 
022 |a 1741-8399 
040 |a BD-DhAAL  |c BD-DhAAL 
245 0 0 |h [electronic resource]  |a The Musical Quarterly 
260 |b Oxford University Press 
300 |a 1 online resource 
362 0 |a Vol. 80, no. 4 
500 |a <strong>Off-Campus Access:</strong> Athens ID and Password Required 
500 |a <strong>On-Campus Access:</strong> No User ID or Password Required 
506 |a Electronic access restricted to authorized BRAC University faculty, staff and students 
538 |a Mode of access: Internet 
650 4 |a Music 
856 4 0 |z Full text available on Oxford Academic  |u https://academic.oup.com/mq/issue 
856 4 0 |z Off-campus access  |u https://go.openathens.net/redirector/bracu.ac.bd?url=https%3A%2F%2Facademic.oup.com%2Fmq%2Fissue